<Das> Wesen der Betriebswirtschaftslehre nach dem deutschen, italienischen und französischen Schrifttum
Salvato in:
| Autore principale: | |
|---|---|
| Natura: | Libro |
| Lingua: | tedesco |
| Pubblicazione: |
St. Gallen
Verlag der Fehr'schen Buchhandlung
1942
|
| Serie: | Betriebswirtschaftliche Studien
Heft 24 |
| Tags: |
Nessun Tag, puoi essere il primo ad aggiungerne!!
|
MARC
| LEADER | 00000nam a2200000 4500 | ||
|---|---|---|---|
| 001 | c126600 | ||
| 005 | 20041019155238.4 | ||
| 041 | 0 | |a ger | |
| 044 | |a CH | ||
| 245 | 1 | 0 | |a <Das> Wesen der Betriebswirtschaftslehre nach dem deutschen, italienischen und französischen Schrifttum |c Charles Lattmann |
| 264 | 1 | |a St. Gallen |b Verlag der Fehr'schen Buchhandlung |c 1942 | |
| 300 | |a 124 s. | ||
| 490 | 1 | |a Betriebswirtschaftliche Studien |v Heft 24 | |
| 830 | 0 | |a Betriebswirtschaftliche Studien |v Heft 24 | |
| 100 | 1 | |a Lattmann, Charles | |